000 00338 a2200157 4500
001 62704
020 _a9788576780816
040 _cAnchieta - Pituba
100 _aSantos, Wildson Luiz Pereira
240 1 0 _aQuímica cidadã
_lpor
245 1 0 _aQuímica cidadã
300 _a416
362 0 _a2010
650 4 _aQuímica
942 _cBK
999 _c62704
_d62704